[Event "45. Torneo Internacional La Roda 2018"]
[Site "La Roda ESP"]
[Date "2018.04.01"]
[Round "9.17"]
[White "Gomez Anadon, Daniel"]
[Black "Ramiro Ovejero, Juan Luis"]
[Result "0-1"]
[WhiteElo "2189"]
[BlackElo "2374"]
[PlyCount "178"]
[EventDate "2018.03.28"]
[EventType "swiss"]
[EventRounds "9"]
[EventCountry "ESP"]
[SourceTitle "Ajedrez en Madrid"]
[Source "lmi"]
[SourceDate "2018.03.28"]

1. e4 d6 2. d4 Nf6 3. Nc3 e5 4. Nf3 Nbd7 5. Bc4 Be7 6. a4 O-O 7. O-O a5 8. Re1
c6 9. b3 exd4 10. Nxd4 Ne5 11. Bf1 d5 12. exd5 Bb4 13. Bb2 Nxd5 14. Rxe5 Nxc3
15. Qd3 Nd5 16. Rd1 Qf6 17. Nf3 Qh6 18. c4 Nf6 19. h3 Nd7 20. Re3 Nc5 21. Qc2
Qg6 22. Qe2 f6 23. Nd4 Bd7 24. Nc2 Rae8 25. Nxb4 axb4 26. Qd2 Bf5 27. Rg3 Ne4
28. Rxg6 Nxd2 29. Rg3 Rd8 30. Re1 Bc2 31. c5 Rfe8 32. Rc1 Bxb3 33. Bxf6 Rd7 34.
Bg5 Bf7 35. Bxd2 Rxd2 36. Bc4 Rd4 37. Bxf7+ Kxf7 38. Rf3+ Ke7 39. Re1+ Kd8 40.
Rb1 Ree4 41. Rf8+ Kd7 42. Ra8 Re5 43. Rg8 g6 44. Rg7+ Re7 45. Rg8 Ke6 46. Re1+
Kf7 47. Rg7+ Kxg7 48. Rxe7+ Kf6 49. Rxb7 Ke6 50. a5 Kd5 51. Rd7+ Kxc5 52. Rxd4
Kxd4 53. a6 b3 54. a7 b2 55. a8=Q b1=Q+ 56. Kh2 Qe4 57. Qd8+ Kc5 58. Qf8+ Kb5
59. Qb8+ Kc4 60. Qg8+ Kd3 61. Qb3+ Ke2 62. Kg1 c5 63. Qb2+ Kd3 64. Qb1+ Kd4 65.
Qb2+ Kc4 66. Qf6 Kb3 67. Qf7+ c4 68. Qxh7 c3 69. Qg8+ Kb2 70. Qg7 Qe1+ 71. Kh2
Qxf2 72. Qxg6 Qf4+ 73. Kh1 c2 74. Qb6+ Kc3 75. Qc6+ Kd3 76. Qd5+ Ke2 77. Qb5+
Kd1 78. Qh5+ Ke1 79. Qa5+ Qd2 80. Qe5+ Kd1 81. Qh5+ Kc1 82. Qe5 Kb1 83. Qb5+
Ka2 84. Qa4+ Kb2 85. Qb5+ Ka3 86. Qc5+ Kb3 87. Qb5+ Qb4 88. Qd3+ Kb2 89. Qe2
Qc5 0-1

[Event "45. Torneo Internacional La Roda 2018"]
[Site "La Roda ESP"]
[Date "2018.04.01"]
[Round "9.18"]
[White "Gines Esteo, Pedro Antonio"]
[Black "Nieves Cabanes, Javier"]
[Result "1/2-1/2"]
[WhiteElo "2356"]
[BlackElo "2217"]
[PlyCount "87"]
[EventDate "2018.03.28"]
[EventType "swiss"]
[EventRounds "9"]
[EventCountry "ESP"]
[SourceTitle "Ajedrez en Madrid"]
[Source "lmi"]
[SourceDate "2018.03.28"]

1. d4 Nf6 2. c4 e6 3. Nc3 Bb4 4. e3 O-O 5. Bd3 d5 6. Nf3 c5 7. cxd5 exd5 8.
dxc5 Bxc5 9. O-O Nc6 10. b3 Qe7 11. Bb2 Rd8 12. Nb5 Bg4 13. Be2 Rac8 14. Rc1
Ne4 15. Nbd4 Ba3 16. Nxc6 bxc6 17. Qd4 Bxb2 18. Qxb2 c5 19. Rfd1 Qb7 20. h3 Be6
21. Ne5 c4 22. Qa3 Qb8 23. Nf3 cxb3 24. Rxc8 Rxc8 25. axb3 a5 26. Nd4 Qb4 27.
Ra1 g6 28. Nxe6 fxe6 29. Bg4 Qxa3 30. Rxa3 Rc1+ 31. Kh2 Kf7 32. Rxa5 Nxf2 33.
Bf3 Rb1 34. Rb5 Kf6 35. Rb8 Kg5 36. Rb6 Kf5 37. Kg3 Ne4+ 38. Kh2 h5 39. g4+ Ke5
40. Bxe4 Kxe4 41. Rxe6+ Kf3 42. gxh5 Rb2+ 43. Kg1 Rb1+ 44. Kh2 1/2-1/2

[Event "45. Torneo Internacional La Roda 2018"]
[Site "La Roda ESP"]
[Date "2018.04.01"]
[Round "9.20"]
[White "Mingarro Carceller, Sergi"]
[Black "Krug Cortegoso, Rodolfo Martin"]
[Result "1/2-1/2"]
[WhiteElo "2323"]
[BlackElo "2134"]
[PlyCount "43"]
[EventDate "2018.03.28"]
[EventType "swiss"]
[EventRounds "9"]
[EventCountry "ESP"]
[SourceTitle "Ajedrez en Madrid"]
[Source "lmi"]
[SourceDate "2018.03.28"]

1. e4 e6 2. d4 d5 3. Nc3 Bb4 4. e5 c5 5. a3 Ba5 6. b4 cxd4 7. Nb5 Bc7 8. f4 Bd7
9. Nxc7+ Qxc7 10. Nf3 Ba4 11. Bd3 Qc3+ 12. Bd2 Qxd3 13. cxd3 Bxd1 14. Kxd1 a6
15. Nxd4 Nc6 16. Nxc6 bxc6 17. Rc1 Kd7 18. Ke2 h5 19. Rc5 Ne7 20. Be3 Rhb8 21.
h3 Rb5 22. Rhc1 1/2-1/2

[Event "45. Torneo Internacional La Roda 2018"]
[Site "La Roda ESP"]
[Date "2018.04.01"]
[Round "9.21"]
[White "Serna Lara, Sergio"]
[Black "Lopez Gonzalez, Alfonso"]
[Result "1-0"]
[WhiteElo "2255"]
[BlackElo "2069"]
[PlyCount "145"]
[EventDate "2018.03.28"]
[EventType "swiss"]
[EventRounds "9"]
[EventCountry "ESP"]
[SourceTitle "Ajedrez en Madrid"]
[Source "lmi"]
[SourceDate "2018.03.28"]

1. d4 d5 2. c4 e6 3. Nf3 Nf6 4. e3 c5 5. cxd5 Nxd5 6. e4 Nf6 7. Nc3 cxd4 8.
Qxd4 Qxd4 9. Nxd4 a6 10. f3 Bc5 11. Nb3 Ba7 12. Bf4 Nc6 13. Bd6 Nd4 14. Nxd4
Bxd4 15. O-O-O Bxc3 16. bxc3 Bd7 17. Kb2 O-O-O 18. Be2 Bc6 19. Rd4 Ne8 20. Be7
Rd7 21. Bc5 Nc7 22. Rxd7 Bxd7 23. Rd1 Ba4 24. Rd4 Bc6 25. e5 Rd8 26. Rxd8+ Kxd8
27. Bb6 Kd7 28. c4 Na8 29. Bc5 b5 30. Bf8 g6 31. Kc3 bxc4 32. Bxc4 Bb5 33. Bb3
Kc6 34. Kd4 Nb6 35. Bc2 Bf1 36. g4 Nd5 37. Bh6 Be2 38. Be4 Bd1 39. Bd2 Be2 40.
Bc1 Bd1 41. h3 Be2 42. f4 Bf1 43. h4 Be2 44. g5 Bf1 45. Bd2 Be2 46. Bg2 Bb5 47.
Bf3 Bf1 48. h5 Bb5 49. h6 Ba4 50. f5 Bc2 51. fxe6 fxe6 52. Ba5 Bb1 53. a3 Bf5
54. Be2 Nf4 55. Bxa6 Nh3 56. Bd2 Nf2 57. Be2 Kb6 58. a4 Ne4 59. a5+ Ka7 60. Be3
Ng3 61. Bb5 Bb1 62. Kc4+ Kb8 63. Bc6 Nf5 64. Bc5 Kc7 65. Bf3 Ba2+ 66. Kb5 Bd5
67. Bxd5 exd5 68. e6 d4 69. Kc4 Kc6 70. a6 d3 71. Kxd3 Kc7 72. a7 Kb7 73. Ke4
1-0